[Event "Buenos Aires Tigre op"]
[Site "Buenos Aires"]
[Date "2024.09.10"]
[Round "5"]
[White "Parisi, Faustino"]
[Black "Gil Chacon, Fernando Enrique"]
[Result "1/2-1/2"]
[WhiteElo "1722"]
[BlackElo "1910"]
[PlyCount "149"]
[EventDate "2024.09.04"]
[EventType "swiss"]
[EventRounds "9"]
[EventCountry "ARG"]
[SourceTitle "EXT 2025"]
[Source "ChessBase"]
[SourceDate "2024.10.14"]
[SourceVersion "1"]
[SourceVersionDate "2024.10.14"]
[SourceQuality "1"]

1. e4 e6 2. d4 d5 3. e5 c5 4. c3 Nc6 5. Nf3 Qb6 6. a3 c4 7. Nbd2 Na5 8. Be2 Bd7 9. 0-0 Ne7 10. Rb1 Qc7 11. Re1 Nc8 12. Nf1 Nb3 13. Bf4 Ba4 14. N3d2 b5 15. Nxb3 Bxb3 16. Qd2 a5 17. Bd1 Bxd1 18. Qxd1 Nb6 19. b4 axb4 20. axb4 Ra3 21. Qc1 Rb3 22. Nd2 Rxb1 23. Nxb1 Be7 24. Na3 Qc6 25. Bg5 h6 26. Bd2 0-0 27. Bxh6 Ra8 28. Bd2 Na4 29. Qc2 Qb6 30. Re3 Bf8 31. Rh3 g6 32. Bg5 Bg7 33. Bf6 Bxf6 34. exf6 Qd8 35. Rf3 Nb6 36. Qc1 Nd7 37. Nxb5 Nxf6 38. h3 Ne4 39. Qf4 Qd7 40. Qc7 Qxc7 41. Nxc7 Ra3 42. Ne8 Rxc3 43. Nf6+ Kg7 44. Nxe4 Rxf3 45. gxf3 dxe4 46. Kf1 c3 47. Ke2 exf3+ 48. Kd3 Kf6 49. Kxc3 Ke7 50. Kc4 Kd6 51. h4 Kc6 52. b5+ Kb6 53. Kb4 f6 54. Kc4 e5 55. dxe5 fxe5 56. Kd5 Kxb5 57. Kxe5 Kc5 58. Ke4 Kd6 59. Kxf3 Ke5 60. Kg4 Kf6 61. Kf4 Kf7 62. Kg5 Kg7 63. f4 Kf7 64. h5 gxh5 65. Kxh5 Kf6 66. Kh4 Kf5 67. Kg3 Kf6 68. Kg4 Kg6 69. f5+ Kf6 70. Kf4 Kg7 71. Ke5 Kf7 72. f6 Kf8 73. Ke6 Ke8 74. f7+ Kf8 75. Kf6 1/2-1/2